What is your language? / (Record no. 103143)
[ view plain ]
| 000 -LEADER | |
|---|---|
| fixed length control field | 00533nam a2200169 a 4500 |
| 005 - DATE AND TIME OF LATEST TRANSACTION | |
| control field | 20140412111250.0 |
| 008 - FIXED-LENGTH DATA ELEMENTS--GENERAL INFORMATION | |
| fixed length control field | 010416s19uu xx 00 eng d |
| 020 ## - INTERNATIONAL STANDARD BOOK NUMBER | |
| International Standard Book Number | 0-525-45133-1 |
| 050 ## - LIBRARY OF CONGRESS CALL NUMBER | |
| Classification number | M 400 |
| Item number | L48 1994 |
| 100 ## - MAIN ENTRY--PERSONAL NAME | |
| Personal name | Leventhal, Debra |
| 245 ## - TITLE STATEMENT | |
| Title | What is your language? / |
| Statement of responsibility, etc | songs by Debra Leventhal; pictures by Monica Wellington. |
| 250 ## - EDITION STATEMENT | |
| Edition statement | 1st Ed. |
| 260 ## - PUBLICATION, DISTRIBUTION, ETC. (IMPRINT) | |
| Place of publication, distribution, etc | New York : |
| Name of publisher, distributor, etc | Dutton Children's Books, |
| Date of publication, distribution, etc | 1994. |
| 300 ## - PHYSICAL DESCRIPTION | |
| Extent | 1 v. (unp.) ; ill. |
| 650 ## - SUBJECT ADDED ENTRY--TOPICAL TERM | |
| Topical term or geographic name as entry element | Language and languages-Juvenile literature |
| Withdrawn status | Lost status | Damaged status | Home library | Current library | Shelving location | Date acquired | Source of acquisition | Total Checkouts | Full call number | Barcode | Date last seen | Price effective from | Koha item type |
|---|---|---|---|---|---|---|---|---|---|---|---|---|---|
| Elizalde Library | Elizalde Library | Main Section | 04/16/2001 | M 400 L48 1994 | E3919 | 04/12/2014 | 04/12/2014 | Books |